000 00388nam a2200133Ia 4500
005 20260326235454.0
008 260326s9999||||xx |||||||||||||| ||und||
100 _aMillon, Henry A.
245 4 _aThe Renaissance from Brunelleschi to Michelangelo :
_b The representation of Architecture /
_cHenry A. Millon
260 _bBompiani
300 _a731 p.
650 _aARQUITECTURA
942 _cBK
999 _c7873
_d7873